| 000 | 00372nam a2200157Ia 4500 | ||
|---|---|---|---|
| 005 | 20240605013017.0 | ||
| 008 | 240331s9999 xx 000 0 und d | ||
| 082 |
_bDEV _a370 |
||
| 100 | _aNirantar | ||
| 245 | 0 | _aDeveloping a curriculum for rural women | |
| 260 |
_aNew Delhi _bNirantra _c1997 |
||
| 300 | _av,148 p., | ||
| 650 | _aWomen | ||
| 650 | _aRural | ||
| 942 | _cL | ||
| 999 |
_c2939 _d2939 |
||